El Puerto deportivo de Sitges / por Miguel Ansón
Publicado:
San Jorge, núm. 85 (1r trimestre 1972), pàg 65 :
Materias:
Ports esportius -- Vilanova i la Geltrú
MARC
| LEADER | 00000nam a2200000Ia 4500 | ||
|---|---|---|---|
| 001 | |||
| 008 | 160829s9999 xx 000 0 cat d | ||
| 100 | |a Ansón, Miguel |9 21597 | ||
| 245 | |a El Puerto deportivo de Sitges / por Miguel Ansón | ||
| 260 | |a San Jorge, núm. 85 (1r trimestre 1972), pàg 65 | ||
| 650 | |a Ports esportius |x Vilanova i la Geltrú |9 45490 | ||
| 901 | |a Arxiu | ||
| 942 | |n 1 | ||
| 952 | |0 0 |1 0 |4 0 |7 1 |9 52639 |a Arxiu |b Arxiu |d 2016-12-01 |l 0 |r 2016-12-01 00:00:00 |w 2016-12-01 |y ARXIU | ||
| 999 | |c 56488 |d 56488 | ||